| 000 | 00773aam a2200265 4500 | ||
|---|---|---|---|
| 005 | 20160923092313.0 | ||
| 008 | 150325b xxu||||| |||| 00| 0 spa d | ||
| 041 | _aES | ||
| 082 | _a2.70 O67s | ||
| 100 |
_aOrganización Mundial del turismo _99368 |
||
| 245 | _aSeguridad en turismo: medidas prácticas para los destinos | ||
| 260 | _aEspaña | ||
| 260 | _bOMT | ||
| 260 | _c1997 | ||
| 300 | _a182 páginas | ||
| 500 | _aPLANES DE CONTINGENCIA | ||
| 650 |
_aSEGURIDAD TURÍSTICA _911941 |
||
| 650 |
_aPLANIFICACIÓN DE LA SEGURIDAD _922298 |
||
| 650 |
_aPREVENCIÓN DE INCENDIOS _922299 |
||
| 650 |
_aSALUD _9396 |
||
| 650 |
_aPRIMEROS AUXILIOS _9406 |
||
| 650 |
_aPROTECCIÓN AL CONSUMIDOR _922300 |
||
| 650 |
_aCOMUNICACIÓN TURÍSTICA _911894 |
||
| 942 | _cBK | ||
| 999 |
_c1002 _d1002 |
||